Stimulačné prístupy k rozvoju podnikania
Transformácia slovenskej ekonomiky na trhové hospodárstvo v súčasných podmienkach sa zameriava na vytváranie trhového prostredia a na rozvoj podnikania. Realizácia podnikania sa spája s uplatňovaním účinnej ekonomickej stimulácie. Stimulačné nástroje. Inštitucionálne podmienky na rozvoj podnikania....
Salvato in:
| Autore principale: | |
|---|---|
| Natura: | Capitolo di libro |
| Lingua: | slovacco |
| Soggetti: | |
| Tags: |
Nessun Tag, puoi essere il primo ad aggiungerne!!
|
MARC
| LEADER | 00000naa a2200000 4500 | ||
|---|---|---|---|
| 001 | r015243 | ||
| 005 | 20221205090206.9 | ||
| 041 | 0 | |a slo | |
| 044 | |a SK | ||
| 245 | 1 | 0 | |a Stimulačné prístupy k rozvoju podnikania |c Miroslav Tomaščín |
| 520 | |a Transformácia slovenskej ekonomiky na trhové hospodárstvo v súčasných podmienkach sa zameriava na vytváranie trhového prostredia a na rozvoj podnikania. Realizácia podnikania sa spája s uplatňovaním účinnej ekonomickej stimulácie. Stimulačné nástroje. Inštitucionálne podmienky na rozvoj podnikania. Strategické zámery na podporu malého a stredného podnikania. Ekonomické zaťaženie hospodárskych výsledkov, jeho vplyv na účinnosť stimulácie podnikateľských subjektov. | ||
| 610 | 2 | 0 | |a podnikanie |
| 610 | 2 | 0 | |a prostredie podnikateľské |
| 610 | 2 | 0 | |a hospodárstvo trhové |
| 610 | 2 | 0 | |a Slovensko |
| 610 | 2 | 0 | |a stimulovanie ekonomické |
| 610 | 2 | 0 | |a dane |
| 610 | 2 | 0 | |a úrok |
| 100 | 1 | |a Tomaščín, Miroslav | |